LIBRARY & INFORMATION CENTRE, KCAET, TAVANUR

ONLINE PUBLIC ACCESS CATALOGUE (OPAC)

Text book of food and nutrition / (Record no. 13086)

MARC details
000 -LEADER
fixed length control field 00450cam a2200181ua 4500
041 ## - LANGUAGE CODE
Language code of text/sound track or separate title eng
082 ## - DEWEY DECIMAL CLASSIFICATION NUMBER
Classification number 664
Item number FRE/TE
100 ## - MAIN ENTRY--AUTHOR NAME
Personal name Fredrick, Annie .
245 ## - TITLE STATEMENT
Title Text book of food and nutrition /
260 ## - PUBLICATION, DISTRIBUTION, ETC. (IMPRINT)
Place of publication New Delhi :
Name of publisher Lotus Press ,
Year of publication 2006.
300 ## - PHYSICAL DESCRIPTION
Number of Pages 264 ;
Accompanying material `.
942 ## - ADDED ENTRY ELEMENTS (KOHA)
Koha item type Books
Holdings
Withdrawn status Lost status Damaged status Home library Current library Date acquired Full call number Accession Number Koha item type
      KAUAET KAUAET 07/04/2012 664 21312 Books
      KAUAET KAUAET 07/04/2012 664 21706 Books
free website counter